000 01934nam a2200265Ia 4500
999 _c51803
_d51803
001 18798
003 GE_BSU
005 20210413113108.0
008 181216s2015||||ge |||||||||||||| ||geo||
040 _cGE_BSU
041 _ageo
080 _a61 ქ-69
100 _aქოქაშვილი, თამარ
_911258
245 _aქოლერის გამომწვევის გამოვლენა საქართველოს რეკრეაციულ წყალსატევებში, მისი ეკოლოგიის და ბიომრავალფეროვნების შესწავლა /
_cთამარ ქოქაშვილი; სამეცნიერო ხელმძღვანელები : გ. კამკამიძე, მ. თედიაშვილი; თბილისის სახ-ლო სამედიცინო უნ-ტი.
264 _aთბილისი,
_c2015.
300 _a218 გვ.
_b30 სმ.
653 _aდისერტაცია
653 _aმედიცინა
653 _aქოლერა საქართველოში
653 _aქოლერის გამომწვევის გამოვლენა საქართველოს რეკრეაციულ წყალსატევებში, მისი ეკოლოგიის და ბიომრავალფეროვნების შესწავლა
700 _aკამკამიძე, გიორგი
_eსამეცნიერო ხელმძღვანელი
_911259
700 _aთედიაშვილი, მარინე
_eსამეცნიერო ხელმძღვანელი
_910718
710 _aთბილისის სახ-ლო სამედიცინო უნ-ტი
_910087
942 _cBK
_2udc